Disney - Statistics

Estatísticas Gerais
  • Esse quiz foi jogado 444 vezes
  • A pontuação média é 5 de 14
Estatísticas das Respostas
Hint Resposta % Correto
Qual legume a rena Sven de Frozen gostava tanto de comer? Cenoura
95%
Com que idade A Bela Adormecida espeta o dedo e cai em sono profundo? 16
74%
Como se chama a protagonista de (Encanto)? Mirabel
67%
Na adaptação da Disney de Robin Hood, qual animal foi escolhido para representar o personagem? Raposa
61%
Scrooge recebe a visita de quantos fantasmas? 3
52%
De quantas peças Raya e Sisu precisavam ir atrás? 4
51%
Como se chama o galo de Moana? Hei Hei
39%
Além de Jasmine a Disney tem outra personagem da franquia das Princesas que tem o nome que vem de uma flor? Mulan
20%
Qual era o nome da música que Rapunzel cantava para Gothel? Encanto da Cura
6%
Qual é o Sobrenome da Familía do Miguel? Rivera
6%
Qual foi o jogo da internet que cativou Vanellope? Slaughter Race
4%
O que eram as uivantes de Zootopia que fazia os animais ficarem selvagens? Plantas tóxicas
2%
Onde se passa o filme Bambi ? Colúmbia britânica
1%
Como se chamava o pequeno alien laranja que escapou e fez amizade com o Galinho Chicken Little? Kirby
1%
Nenhum quiz correspondente encontrado
Distribuição das Pontuações
Porcentagem de Pessoas com Cada Pontuação
Percentil de Números Respondidos
Sua Pontuação Histórica
Você não jogou esse quiz